000 00341nam a2200133 i 4500
001 bg
100 1 _aAKTORYS, Karel
245 0 _aVariational Methods in Mathematics, Science and Engineering /
_cKarel Aktorys.
260 _aDordrecht,
_c1977.
040 _cBPK
041 _apol
942 _cKS
008 s pl f |000 0 pol
999 _c18320
_d18320
856 _uhttp://koha.tu.koszalin.pl/cgi-bin/koha/opac-detail.pl?biblionumber=18320
_yKatalog online BPK